Normal view
MARC view
- Schmutz G., Liebhart D. & Welkenbach P
Entry Personal Name
001 - CONTROL NUMBER
- control field: 191880
003 - CONTROL NUMBER IDENTIFIER
- control field: OSt
005 - DATE AND TIME OF LATEST TRANSACTION
- control field: 20230714213827.0
008 - FIXED-LENGTH DATA ELEMENTS
- fixed length control field: 230714|| aca||aabn | a|a d
040 ## - CATALOGING SOURCE
- Original cataloging agency: OSt
- Transcribing agency: OSt
100 ## - HEADING--PERSONAL NAME
- Personal name: Schmutz G., Liebhart D. & Welkenbach P
670 ## - SOURCE DATA FOUND
- Source citation: Work cat.: (OSt)203072: Schmutz G. 176013, Service - Oriented Architecture, 2010